NBA Best Point Guard per Franchise - Statistics

General Stats
  • This quiz has been taken 273 times
  • The average score is 22 of 30
Answer Stats
Hint Answer % Correct
Golden State Warriors Stephen Curry
97%
Los Angeles Clippers Chris Paul
92%
New Orleans Pelicans Chris Paul
92%
Cleveland Cavaliers Kyrie Irving
92%
Oklahoma City Thunder Russell Westbrook
92%
Detroit Pistons Isiah Thomas
90%
Brooklyn Nets Jason Kidd
90%
Utah Jazz John Stockton
90%
Los Angeles Lakers Magic Johnson
89%
Dallas Mavericks Steve Nash
89%
Phoenix Suns Steve Nash
89%
San Antonio Spurs Tony Parker
87%
Chicago Bulls Derrick Rose
86%
Toronto Raptors Kyle Lowry
86%
Portland Trail Blazers Damian Lillard
84%
Boston Celtics Bob Cousy
82%
Washington Wizards John Wall
82%
Milwaukee Bucks Oscar Robertson
82%
Sacramento Kings Oscar Robertson
82%
Miami Heat Tim Hardaway
81%
Orlando Magic Anfernee Hardaway
80%
Memphis Grizzlies Mike Conley
79%
Charlotte Hornets Kemba Walker
77%
New York Knicks Walt Frazier
61%
Denver Nuggets Fat Lever
37%
Philadelphia 76ers Hal Greer
32%
Atlanta Hawks Lenny Wilkens
26%
Houston Rockets Calvin Murphy
24%
Minnesota Timberwolves Terrell Brandon
9%
Indiana Pacers Freddie Lewis
6%
No matching quizzes found
Score Distribution
Percent of People with Each Score
Percentile by Number Answered
Your Score History
You have not taken this quiz